Statistiques concernant Paroles "Vice et Versa" Les Inconnus

Cliquez ici pour prendre le quiz!

Statistiques générales

  • Ce quiz a été pris 35 fois
  • Le résultat moyen est 274 sur 337

Statistiques - réponses

Réponse% Correct
D'
100%
J'
100%
L'
100%
Qu'
100%
Que
100%
A
97%
C'
97%
De
97%
Est
97%
Et
97%
(Et
97%
Il
97%
Je
97%
Le
97%
N'
97%
S'
97%
Tu
97%
Con...
93%
Condition
93%
Dis)
93%
Dis
93%
Dit)
93%
La
93%
Analyser
90%
Ne
90%
On
90%
Pas
90%
Versa)
90%
Versa
90%
Vice
90%
Bonheur
87%
87%
Ou
87%
Question
87%
Si
87%
Telle
87%
Désespéré
83%
Destituée
83%
Doit
83%
Etre
83%
Irréductible
83%
(Mais
83%
Mais
83%
Par
83%
Amours
80%
Du
80%
Nos
80%
Précarité
77%
Qui
77%
Se
77%
Suis
77%
Tes
77%
Absolu
73%
Bleu
73%
Ce
73%
Faut
73%
Illusoire
73%
Nous?
73%
Peut
73%
Sinusoïdale
73%
Ton
73%
Allons
70%
Annihilé
70%
Rien
70%
Sous
70%
Destituées
67%
Espoir
67%
Les
67%
Temps
67%
Très
67%
...vaincu
67%
Venons
67%
Anachorète
63%
Contre
63%
Désirs
63%
Hypocondriaque
63%
Même
63%
Passe
63%
Savoir
63%
Duquel
60%
Ignore
60%
Toi
60%
Plus
57%
Tout
57%
Dérisoire
53%
Difficile
53%
Comme
50%
Deux
50%
Eclipsée
50%
Jaune,
50%
Jaunes
50%
Moi,
50%
Arriveras
47%
Azur
47%
Clair
47%
Dans
47%
Deviendra
47%
Doigts
47%
Hémorragie
47%
Mieux
47%
Pieds
43%
Tellement
43%
Bleue,
40%
Bleues
40%
Irréalité
40%
Mauve
40%
Mauves
40%
Eradiquer
37%
Cautionner
33%
Dialectiques
33%
Fatalité
33%
Paraboliques
33%
Pourpres
33%
Tentacules
33%
Absentes
30%
Iconoclastes
30%
Laminer
30%
Rancœurs
30%
Déréliction
27%
Désenchantées
27%
Pensées
27%
Alcôve
23%
Aspérités
23%
Réside
23%
Désoxydées
20%
Excommuniés
20%
Rêveries
20%
Simplicité
20%
Insoupçonnée
17%

Distribution des résultats

Percentile par nombre de réponses

% des personnes avec chaque résultat

Votre développement - résultats

Vous n’avez pas pris ce quiz